Great Indian scientists : (Record no. 40584)
[ view plain ]
| 000 -LEADER | |
|---|---|
| fixed length control field | 00711 a2200205 4500 |
| 005 - DATE AND TIME OF LATEST TRANSACTION | |
| control field | 20100810101119.0 |
| 010 ## - LCCN (DPL NO) | |
| LC control number | ENG-99283 |
| 020 ## - INTERNATIONAL STANDARD BOOK NUMBER | |
| Terms of availability | 70.00 |
| 035 ## - SYSTEM CONTROL NUMBER | |
| System control number | EN-82815 |
| 037 ## - SOURCE OF ACQUISITION | |
| Source of stock number/acquisition | DBAD/PUB |
| 082 ## - DEWEY DECIMAL CLASSIFICATION NUMBER | |
| Classification number | 921 |
| 100 ## - MAIN ENTRY--PERSONAL NAME | |
| Personal name | Iyer, Kolar Krishna |
| 245 ## - TITLE STATEMENT | |
| Title | Great Indian scientists : |
| Statement of responsibility, etc | by Kolar Krishna Iyer |
| Remainder of title | modern &ancient and India's ancient scientific glory / |
| 260 ## - PUBLICATION, DISTRIBUTION, ETC. (IMPRINT) | |
| Place of publication, distribution, etc | Vijayawada |
| Name of publisher, distributor, etc | Navaratna Book House |
| Date of publication, distribution, etc | 2008 |
| 270 ## - ADDRESS | |
| Address | # 28-22-20, Rahiman Street, Arundel Pet, |
| City | Vijayawada |
| Postal code | 520002 |
| 300 ## - PHYSICAL DESCRIPTION | |
| Extent | 176 p. |
| Dimensions | 22cm.(pbk) |
| 700 ## - ADDED ENTRY--PERSONAL NAME | |
| 9 (RLIN) | 9757 |
| 942 ## - ADDED ENTRY ELEMENTS (KOHA) | |
| Institution code [OBSOLETE] | dpl |
| Item type | English Books |
| Source of classification or shelving scheme | Dewey Decimal Classification |
| Call number suffix | IYE |
| Classification part | 921 |
| Withdrawn status | Lost status | Not for loan | Collection code | Home library | Current library | Date acquired | Cost, normal purchase price | Full call number | Barcode | Copy number | Cost, replacement price | Koha item type |
|---|---|---|---|---|---|---|---|---|---|---|---|---|
| Not For Loan | Non-fiction | D.B.Act.Division | D.B.Act.Division | 10/08/2010 | 70.00 | 921 IYE | EN-82815 | 1 | 70.00 | English Books |
